000 01387cam a2200253 i 4500
001 18020140
005 20170214101237.0
008 140127s2014 nju b 001 0 eng
020 _a9781118443811 (hardback : acidfree paper)
040 _cPK-LaUMT
082 0 0 _a158.1
_223
_bCLI-
245 0 0 _aClinician's guide to self-renewal :
_bessential advice from the field /
_cedited by Robert J. Wicks and Elizabeth A. Maynard
260 _aHoboken :
_bJohn Wiley,
_c2014
300 _axxv, 502 p.
_c24 cm
520 _a"Providing clinicians with advice consistent with the current emphasis on working from strengths to promote renewal, this guide presents a holistic approach to psychological wellness. Time-tested advice is featured from experts such as Mihaly Csikszentmihalyi, Judith Beck, PhD, David Myers, and John Norcross. With strategies to renew the mind, body, spirit, and community, this book equips clinicians with guidance and inspiration for the renewal of body, mind, community, and spirit in their clients and themselves"--
650 0 _aPsychotherapists
_xHealth and hygiene.
650 0 _aPsychiatrists
_xMental health.
650 7 _aPSYCHOLOGY / Psychotherapy / Counseling.
650 7 _aBODY, MIND & SPIRIT / General.
650 7 _aSOCIAL SCIENCE / Disasters & Disaster Relief.
700 1 _aWicks, Robert J.,
700 1 _aMaynard, Elizabeth A.,
942 _cBK
999 _c90947
_d90947